Countries with the Most Impact Craters - Statistics

General Stats
  • This quiz has been taken 515 times
  • The average score is 7 of 10
Answer Stats
# of Craters Country % Correct
28 United States
100%
19 Russia
98%
32 Canada
96%
5 Brazil
92%
26 Australia
90%
4 Algeria
59%
7 Ukraine
53%
6 Sweden
51%
10 Finland
49%
4 Estonia
19%
No matching quizzes found
Score Distribution
Percent of People with Each Score
Percentile by Number Answered
Your Score History
You have not taken this quiz